|
|
|
|
| LEADER |
00000nab a2200000 a 4500 |
| 001 |
vtls000482816 |
| 003 |
SK-MaSNL |
| 005 |
20260304173210.0 |
| 008 |
120927c1992 xo 0 cze |
| 015 |
|
|
|a SNBRA19rr/mm-uuuuu
|
| 035 |
|
|
|a CL0482951
|
| 040 |
|
|
|a SNKBUCL
|b slo
|c SNKBUCL
|e AACR2
|
| 041 |
0 |
|
|a cze
|
| 044 |
|
|
|a xo
|c SK
|
| 080 |
|
|
|a 331.021.5-051:338.242
|2 1981
|
| 080 |
|
|
|a 658.114.012.43-051
|2 1981
|
| 100 |
1 |
|
|a Řimsová, Ludmila
|4 aut
|9 11350
|
| 245 |
1 |
0 |
|a Práce manažera v období prechodu od socialistické k tržní ekonomice
|c Ludmila Řimsová
|
| 650 |
0 |
7 |
|a manažéri
|2 snkbucl
|9 1758
|
| 650 |
0 |
7 |
|a riadiaca práca
|2 snkbucl
|9 925
|
| 655 |
|
7 |
|a články zo zborníkov
|2 snkbucl
|9 166140
|
| 773 |
0 |
|
|t Organizácia práce
|d Bratislava : Dom techniky ZSVTS, 1992
|g S. 133-135
|z 8023302590
|
| 850 |
|
|
|a Slovenská národná knižnica v Martine
|a MTA001
|
| 852 |
|
|
|a SNK
|b KIS3GCP
|
| 958 |
|
|
|a RK
|
| 992 |
|
|
|a RZB
|
| 999 |
|
|
|c 3002000
|d 3003930
|